Kolonie niemieckie w 1914 roku - Statystyki

Ogólne statystyki
  • Ten quiz został rozwiązany 118 razy
  • Średni wynik to 4 z 7
Statystyki odpowiedzi
Kontynent Kolonia % Poprawnych
Afryka Kamerun Niemiecki
89%
Afryka Niemiecka Afryka Południowo-Zachodnia
84%
Afryka Niemiecka Afryka Wschodnia
68%
Afryka Togo
57%
Australia i Oceania Niemiecka Nowa Gwinea
54%
Azja Qingdao
10%
Australia i Oceania Samoa Niemieckie
7%
Nie znaleziono quizów pasujących do podanych kryteriów
Rozkład punktacji
Procent ludzi z każdym wynikiem
Percentyl według liczby udzielonych odpowiedzi
Twoja historia wyników
Nie rozwiązałeś tego quizu